| 000 | 00917nmm a2200253 a 4500 | ||
|---|---|---|---|
| 001 | ocm000701009 | ||
| 003 | TR-IsHL | ||
| 005 | 20201028135544.0 | ||
| 008 | 131209s1931 tu tur | ||
| 007 | cr cn | ||
| 035 |
_a701009 _b(N$T) |
||
| 050 | 0 | 4 |
_aHF5475.T9 _bS47 1931 |
| 090 | 0 | 4 |
_aHF5475.T9 _bS47 1931 |
| 245 | 1 | 0 |
_aSergi ve panayır: sergi ve panayırcılığın iktisadiyatta ehemmiyeti ve panayır ve sergi bürolarının idare ve işletmesi _h[electronic resource] / _chaz. Muhlis Etem |
| 260 |
_aİstanbul : _bİstanbul Ticaret Odası, _c1931 |
||
| 300 | _a55 p. | ||
| 650 | 4 | _aEkonomi ve Finans | |
| 650 | 4 | _aEconomics and Finance | |
| 650 | 0 |
_aSergiler _x İşletme |
|
| 650 | 0 |
_aExhibitions _x Business |
|
| 650 | 7 |
_aBUSINESS & ECONOMICS / General _2bisacsh |
|
| 700 | 1 | _aEtem, Muhlis | |
| 856 | 4 | 0 | _uhttp://search.ebscohost.com/login.aspx?direct=true&scope=site&db=e011xww&AN=701009 |
| 999 |
_c6804 _d6804 |
||